000 01237nam a22002057a 4500
999 _c63017
_d63017
003 Ge_BSU
005 20250506113335.0
008 250506s2024 ge ||||| |||| 00| 0 geo d
020 _a9789941346170
041 _ageo
080 _a343.161.1(479.22) ა-93
100 _aაქუბარდია, ირინა
_99287
245 _aნაფიც მსაჯულთა სასამართლოს ქართული მოდელი :
_b(გამოწვევები და ტენდენციები) /
_c ირინა აქუბარდია ; რედაქტორი მაია ივანიძე ; ივანე ჯავახიშვილის სახ. თბილისის სახელმწიფო უნივერსიტეტი.
264 _aთბილისი :
_bმერიდიანი,
_c2024.
300 _a444 გვ. ;
_b21 სმ.
504 _a ბიბლიოგრაფია ტექსტის შენიშვნებში და გვ. 6.
653 _aნაფიცი მსაჯულები
700 _aივანიძე, მაია
_e რედაქტორი
_96339
942 _2udc
_cᲬᲘᲒᲜᲘ